| 000 | 00640nam a22001817a 4500 | ||
|---|---|---|---|
| 008 | 230630b |||||||| |||| 00| 0 eng d | ||
| 020 | _a81-237-2534-5 | ||
| 040 |
_aNational Science Library _cNational Science Library |
||
| 080 |
_a598.2 _bN8 |
||
| 100 |
_aTiwari, Vishwa Mohan _912493 |
||
| 245 | _aआनदं पंछी निहारन का (भारतकी सांस्कृतिक परंपरा) | ||
| 246 | _aAnand Panchi Niharan Ka (Cultural Tradition of India) | ||
| 260 |
_aNew Delhi: _bNational Book Trust, _c1998 |
||
| 300 | _a209p. | ||
| 650 | _aBirds | ||
| 653 | _aEnvironment | ||
| 942 |
_2udc _cHBK |
||
| 999 |
_c48435 _d48435 |
||